[Event "Cultural Village"]
[Site "Wijk aan Zee NED"]
[Date "2010.11.15"]
[Round "1"]
[White "Peelen, Piet"]
[Black "Pruijssers, Roeland"]
[Result "0-1"]
[WhiteTitle "IM"]
[BlackTitle "IM"]
[WhiteElo "2363"]
[BlackElo "2487"]
[WhiteFideId "1000403"]
[BlackFideId "1013068"]
[EventDate "2010.11.15"]

1. d4 Nf6 2. c4 g6 3. Nc3 Bg7 4. e4 d6 5. Nf3 O-O 6. Be2 e5 7. O-O Nbd7 8. Qc2
Qe7 9. Rd1 c6 10. d5 c5 11. g3 Ne8 12. Nh4 Ndf6 13. Rb1 b6 14. Bg5 h6 15. Bd2
Nh7 16. Kh1 h5 17. b4 cxb4 18. Rxb4 Nc7 19. a4 Na6 20. Rb2 Bd7 21. Nb5 Nc5 22.
Ra1 Bf6 23. Nf3 Bg5 24. a5 f5 25. Nxg5 Nxg5 26. Bxg5 Qxg5 27. axb6 axb6 28. Rxa8
Rxa8 29. Nxd6 Qf6 30. Rxb6 fxe4 31. Nxe4 Qxb6 32. Nxc5 Bf5 33. Ne4 Qd4 34. Bd3
Kg7 35. Kg2 Ra3 36. Qb1 Qxd3 37. Qb7+ Kh6 38. Ng5 Bh3+ 39. Kxh3 Qf5+ 40. Kg2
Qxg5 41. Qf7 Qf5 42. Qg8 Qf3+ 43. Kh3 Qf6 44. d6 g5 45. Qd5 Rf3 46. Qxf3 Qxf3
47. d7 g4+ 48. Kh4 Qf6# 0-1

[Event "Cultural Village"]
[Site "Wijk aan Zee NED"]
[Date "2010.11.15"]
[Round "1"]
[White "Ootes, Lars"]
[Black "Plukkel, Sjoerd"]
[Result "1/2-1/2"]
[WhiteElo "2370"]
[BlackElo "2274"]
[WhiteFideId "1019708"]
[BlackFideId "1008676"]
[EventDate "2010.11.15"]

1. Nf3 c5 2. e4 d6 3. d4 cxd4 4. Nxd4 Nf6 5. Nc3 Nc6 6. Bg5 e6 7. Qd2 Be7 8.
O-O-O O-O 9. f4 Nxd4 10. Qxd4 Qa5 11. Bc4 Bd7 12. e5 dxe5 13. fxe5 Bc6 14. Bd2
Nd7 15. Nd5 Qd8 16. Nxe7+ Qxe7 17. Rhe1 Rfd8 18. Qg4 Nb6 19. Bf1 Qc5 20. Qg3 Ba4
21. Bd3 Rac8 22. Bh6 g6 23. b3 Bb5 24. Be4 Nd5 25. Kb2 Rc6 26. Qe3 Qb4 27. Qd2
Qc5 28. Qd4 Qe7 29. a4 Bxa4 30. Bxd5 Rxd5 31. Qf4 Qc5 32. Qc4 Qa5 33. Rxd5 exd5
34. b4 Qb6 35. Qh4 Rxc2+ 36. Ka1 Bb5 37. Kb1 Bd3 38. Rc1 Rc4+ 39. Ka2 Rxc1 40.
Bxc1 Bc4+ 41. Ka3 Qa6+ 42. Kb2 Qa2+ 43. Kc3 Qb3+ 44. Kd4 Qd1+ 45. Kc5 Qg1+ 46.
Kd6 Qb6+ 47. Kd7 Qc6+ 48. Kd8 Bb5 49. e6 Qd6+ 50. Kc8 Qxe6+ 51. Kb8 Qe8+ 52.
Kxa7 Bc4 53. Bb2 Qa4+ 54. Kb8 Qe8+ 55. Ka7 Qa4+ 56. Kb8 Qe8+ 1/2-1/2

[Event "Cultural Village"]
[Site "Wijk aan Zee NED"]
[Date "2010.11.15"]
[Round "1"]
[White "Grover, Sahaj"]
[Black "Arun Prasad, S."]
[Result "1-0"]
[WhiteTitle "IM"]
[BlackTitle "GM"]
[WhiteElo "2432"]
[BlackElo "2519"]
[WhiteFideId "5021103"]
[BlackFideId "5011167"]
[EventDate "2010.11.15"]

1. e4 c6 2. d4 d5 3. Nc3 dxe4 4. Nxe4 Nd7 5. Nf3 Ngf6 6. Nxf6+ Nxf6 7. Bc4 Bf5
8. O-O e6 9. Bf4 Bd6 10. Ne5 O-O 11. Qe2 Qc7 12. c3 Rad8 13. Rad1 h6 14. Rfe1
Rfe8 15. h3 a5 16. Qf3 Nd5 17. Bc1 Nb6 18. Bd3 Bxd3 19. Rxd3 c5 20. dxc5 Bxc5
21. Qg4 Bd6 22. Bf4 Nd5 23. Bg3 b5 24. c4 f5 25. Qg6 bxc4 26. Rd4 Bxe5 27. Bxe5
Qf7 28. Qxf7+ Kxf7 29. Rxc4 Rd7 30. a3 Rb7 31. Rc5 Ra8 32. a4 Rb4 33. Rb5 Ra7
34. Rxb4 Nxb4 35. Rd1 Nc6 36. Bc3 g6 37. f3 Ke7 38. Kf2 e5 39. Rd5 Rb7 40. Rb5
Rxb5 41. axb5 Na7 42. b6 Nc6 43. b7 Kd6 44. Bxa5 Nb8 45. Bb6 Kc6 46. Ba7 Kxb7
47. Bxb8 Kxb8 48. Ke3 Kc7 49. Kd3 Kd6 50. Kc4 g5 51. b4 h5 52. b5 h4 53. b6 Kc6
54. b7 Kxb7 55. Kd5 1-0

[Event "Cultural Village"]
[Site "Wijk aan Zee NED"]
[Date "2010.11.15"]
[Round "1"]
[White "Swiercz, Dariusz"]
[Black "Sulypa, Oleksandr"]
[Result "1/2-1/2"]
[WhiteTitle "GM"]
[BlackTitle "GM"]
[WhiteElo "2522"]
[BlackElo "2490"]
[WhiteFideId "1126881"]
[BlackFideId "14100487"]
[EventDate "2010.11.15"]

1. d4 Nf6 2. c4 e6 3. Nc3 Bb4 4. e3 b6 5. Ne2 c5 6. a3 Ba5 7. Rb1 Qe7 8. Bd2 O-O
9. Ng3 cxd4 10. exd4 Bxc3 11. Bxc3 Nc6 12. Be2 d5 13. O-O dxc4 14. Bxc4 Rd8 15.
Re1 Bb7 16. Qe2 Nd5 17. Nh5 Nxc3 18. bxc3 g6 19. Nf4 Na5 20. Ba2 Qd6 21. Qg4 Bd5
22. Bxd5 exd5 23. Re5 Nc4 24. Rxd5 Qxa3 25. Rxd8+ Rxd8 26. Qg5 Qd6 27. Re1 a5
28. h4 a4 29. Nd5 h6 30. Ne7+ Kh7 31. Qb5 Rd7 32. Nc6 Qd5 33. Qxa4 b5 34. Qa6
Rd6 35. Nb4 Qf5 36. Qa2 Qg4 37. g3 Qf3 38. Qc2 Kg7 39. Qd3 Rf6 40. Qxf3 Rxf3 41.
Nd5 Rd3 42. Rb1 Nd6 43. Kg2 Ne4 44. Rxb5 Rd2 45. Kf3 Nxf2 46. Ne3 Nd3 47. g4
Ne1+ 48. Kg3 Rd3 49. Kf2 Rxc3 50. Kxe1 Rxe3+ 51. Kf2 1/2-1/2

[Event "Cultural Village"]
[Site "Wijk aan Zee NED"]
[Date "2010.11.15"]
[Round "1"]
[White "Burg, Twan"]
[Black "Blees, Enrico"]
[Result "1-0"]
[WhiteTitle "IM"]
[WhiteElo "2469"]
[BlackElo "2153"]
[WhiteFideId "1010697"]
[BlackFideId "1019163"]
[EventDate "2010.11.15"]

1. e4 c6 2. d4 d5 3. Nc3 dxe4 4. Nxe4 Bf5 5. Ng3 Bg6 6. h4 h6 7. Nf3 Nd7 8. h5
Bh7 9. Bd3 Bxd3 10. Qxd3 e6 11. Bd2 Ngf6 12. O-O-O c5 13. Rhe1 Be7 14. d5 Nxd5
15. Nf5 N7b6 16. Nxg7+ Kf8 17. Nxe6+ fxe6 18. Qg6 Bf6 19. Rxe6 Bg7 20. Ne5 Qc7
21. Ba5 Bxe5 22. Rxd5 Bg7 23. Rf5+ Kg8 24. Re8+ Rxe8 25. Qxe8+ Kh7 26. Qg6+ Kg8
27. Qe6+ Kh7 28. Rf7 Qc6 29. Rxg7+ Kxg7 30. Bc3+ Kf8 31. Qxc6 bxc6 32. Bxh8 1-0

[Event "Cultural Village"]
[Site "Wijk aan Zee NED"]
[Date "2010.11.16"]
[Round "2"]
[White "Pruijssers, Roeland"]
[Black "Blees, Enrico"]
[Result "1-0"]
[WhiteTitle "IM"]
[WhiteElo "2487"]
[BlackElo "2153"]
[WhiteFideId "1013068"]
[BlackFideId "1019163"]
[EventDate "2010.11.15"]

1. e4 d5 2. exd5 Qxd5 3. Nc3 Qa5 4. d4 Nf6 5. Bc4 Bg4 6. Ne2 c6 7. f3 Bf5 8. g4
Bd7 9. Bd2 e6 10. g5 Nh5 11. Ng3 Nxg3 12. hxg3 Bb4 13. f4 Qb6 14. Qe2 Na6 15.
O-O-O O-O-O 16. Ne4 Nc7 17. Bxb4 Qxb4 18. Nc5 Qa5 19. Qe5 b5 20. Bb3 Ne8 21. Ne4
Qc7 22. Rh2 f5 23. Nc5 Qxe5 24. dxe5 Nc7 25. Rd6 Nd5 26. a4 b4 27. a5 Kc7 28.
Ba4 Ne3 29. Rhd2 Bc8 30. Rxc6+ Kb8 31. Rcd6 Kc7 32. R2d4 h5 33. Rc6+ Kb8 34.
Rxb4+ 1-0

[Event "Cultural Village"]
[Site "Wijk aan Zee NED"]
[Date "2010.11.16"]
[Round "2"]
[White "Sulypa, Oleksandr"]
[Black "Burg, Twan"]
[Result "1-0"]
[WhiteTitle "GM"]
[BlackTitle "IM"]
[WhiteElo "2490"]
[BlackElo "2469"]
[WhiteFideId "14100487"]
[BlackFideId "1010697"]
[EventDate "2010.11.15"]

1. d4 d5 2. c4 c6 3. Nc3 Nf6 4. e3 g6 5. Nf3 Bg7 6. Qb3 O-O 7. Bd2 b6 8. cxd5
Nxd5 9. Bc4 Nxc3 10. Bxc3 Nd7 11. a4 Rb8 12. O-O b5 13. axb5 cxb5 14. Bxf7+ Rxf7
15. Ng5 e6 16. Nxf7 Kxf7 17. d5 e5 18. d6+ Kf8 19. f4 e4 20. f5 g5 21. f6 Bh6
22. Qd5 Rb7 23. f7 Bg7 24. Qxe4 Bxc3 25. Qxh7 Nf6 26. Rxf6 Bxf6 27. Qg8# 1-0

[Event "Cultural Village"]
[Site "Wijk aan Zee NED"]
[Date "2010.11.16"]
[Round "2"]
[White "Arun Prasad, S."]
[Black "Swiercz, Dariusz"]
[Result "1/2-1/2"]
[WhiteTitle "GM"]
[BlackTitle "GM"]
[WhiteElo "2519"]
[BlackElo "2522"]
[WhiteFideId "5011167"]
[BlackFideId "1126881"]
[EventDate "2010.11.15"]

1. d4 Nf6 2. c4 e6 3. Nf3 d5 4. g3 Bb4+ 5. Bd2 Be7 6. Bg2 O-O 7. O-O c6 8. Qc2
b6 9. b3 Ba6 10. Rd1 Nbd7 11. a4 c5 12. Na3 Bb7 13. cxd5 exd5 14. Nb5 a6 15. Nc3
Rc8 16. Qb2 Bd6 17. Bh3 h6 18. Be3 Re8 19. Nh4 Bf8 20. Nf5 c4 21. Bf4 Bb4 22.
Nd6 Bxd6 23. Bxd6 Rc6 24. Bf4 Qe7 25. Bg2 Rcc8 26. bxc4 Rxc4 27. Ra3 Qe6 28. Bf1
Rcc8 29. Bg2 1/2-1/2

[Event "Cultural Village"]
[Site "Wijk aan Zee NED"]
[Date "2010.11.16"]
[Round "2"]
[White "Plukkel, Sjoerd"]
[Black "Grover, Sahaj"]
[Result "0-1"]
[BlackTitle "IM"]
[WhiteElo "2274"]
[BlackElo "2432"]
[WhiteFideId "1008676"]
[BlackFideId "5021103"]
[EventDate "2010.11.15"]

1. e4 e6 2. d4 d5 3. e5 c5 4. c3 Nc6 5. Nf3 Bd7 6. a3 f6 7. Bd3 Qc7 8. Bf4 O-O-O
9. b4 c4 10. Bc2 fxe5 11. Bxe5 Nxe5 12. Nxe5 Be8 13. O-O g5 14. Nd2 Bd6 15. Qg4
Qe7 16. f4 h6 17. Rae1 Nf6 18. Qh3 Nd7 19. Nexc4 dxc4 20. Rxe6 g4 21. Qxg4 Qf8
22. Nxc4 Bc7 23. Ne5 Rg8 24. Ng6 Bf7 25. Ne7+ Kb8 26. Nxg8 h5 27. Qf5 Bxe6 28.
Qxe6 Qxg8 29. Qxg8 Rxg8 30. Bb3 Re8 31. Ba4 Kc8 32. f5 Re3 33. f6 Nf8 34. Rf3
Rxf3 35. gxf3 Bd8 36. f7 Bg5 37. Kf2 Bc1 38. Ke2 Kd8 39. Bb3 Ke7 40. a4 h4 41.
Bd5 b6 42. Kd3 h3 43. Kc2 Bf4 44. Bc4 Nh7 45. Bf1 Ng5 46. Kd3 Bxh2 47. Ke3 Bg1+
48. Ke2 Ne6 49. Bxh3 Nf4+ 50. Kf1 Nxh3 51. Kg2 Be3 52. Kxh3 Bd2 53. c4 Bxb4 54.
Kg4 Bc3 55. c5 bxc5 56. dxc5 Kxf7 57. Kf5 Ke7 58. Ke4 Kd7 59. Kd5 Bd2 60. c6+
Kc7 61. Kc5 a6 62. Kd5 Be3 63. Ke4 Bc5 64. Kd5 Bd6 65. a5 Bb4 66. f4 Bxa5 67. f5
Bb4 68. Kc4 Ba3 69. Kd5 Bf8 70. Kd4 0-1

[Event "Cultural Village"]
[Site "Wijk aan Zee NED"]
[Date "2010.11.16"]
[Round "2"]
[White "Peelen, Piet"]
[Black "Ootes, Lars"]
[Result "1-0"]
[WhiteTitle "IM"]
[WhiteElo "2363"]
[BlackElo "2370"]
[WhiteFideId "1000403"]
[BlackFideId "1019708"]
[EventDate "2010.11.15"]

1. d4 Nf6 2. c4 g6 3. Nc3 Bg7 4. e4 d6 5. Be2 O-O 6. Nf3 e5 7. Be3 Nbd7 8. O-O
Re8 9. Qc2 exd4 10. Nxd4 c6 11. Rad1 a6 12. Kh1 Qc7 13. b4 b5 14. Bf4 Ne5 15. c5
dxc5 16. bxc5 Qe7 17. Nb1 Bb7 18. Nd2 Nfd7 19. Be3 Qxc5 20. f4 Qa3 21. N4b3 Nc4
22. Bxc4 bxc4 23. Nxc4 Qe7 24. Nd6 Nf6 25. Na5 Ng4 26. Bg1 Reb8 27. Naxb7 Rxb7
28. Nxb7 Qxb7 29. Rd6 Rc8 30. Rfd1 Qc7 31. e5 Nh6 32. Rc1 Qa5 33. Rxc6 Rf8 34.
Bc5 Re8 35. Bb6 Qa3 36. Bc5 Qa5 37. Bb6 Qa3 38. Qb3 Qe7 39. Rc7 Qh4 40. Qg3 Qd8
41. a4 Bf8 42. a5 Qd5 43. Qf3 Qa2 44. R7c2 Qe6 45. Qc6 Qe7 46. Bc5 Qh4 47. Qxe8 1-0

[Event "Cultural Village"]
[Site "Wijk aan Zee NED"]
[Date "2010.11.17"]
[Round "3"]
[White "Ootes, Lars"]
[Black "Pruijssers, Roeland"]
[Result "1-0"]
[BlackTitle "IM"]
[WhiteElo "2370"]
[BlackElo "2487"]
[WhiteFideId "1019708"]
[BlackFideId "1013068"]
[EventDate "2010.11.15"]

1. e4 e5 2. Nf3 Nc6 3. Bb5 a6 4. Ba4 Nf6 5. O-O Be7 6. Re1 b5 7. Bb3 O-O 8. d4
d6 9. c3 Bg4 10. Be3 Bh5 11. h3 Na5 12. Bc2 Nc4 13. Bc1 Nd7 14. b3 Ncb6 15. Nbd2
c5 16. g4 Bg6 17. a4 cxd4 18. cxd4 Rc8 19. Bb1 exd4 20. a5 Na8 21. Nxd4 Bf6 22.
N2f3 Nc7 23. g5 Bxd4 24. Qxd4 Ne6 25. Qe3 f6 26. b4 Nxg5 27. Nd4 Re8 28. Qg3 Kh8
29. f3 Rc4 30. Be3 Ne5 31. h4 Rxd4 32. hxg5 Rxb4 33. f4 Nc4 34. Bd4 Nd2 35. Bc3
Rxb1 36. Raxb1 Nxb1 37. Rxb1 Bxe4 38. gxf6 gxf6 39. Qh4 Re6 40. Rb2 Qg8+ 41. Kh2
Qg6 42. f5 Qxf5 43. Rf2 Bf3 44. Kg3 Qg6+ 45. Kh2 Qh5 46. Bxf6+ Rxf6 47. Qxh5
Bxh5 48. Rxf6 b4 49. Rxd6 Be2 50. Rb6 Kg7 51. Rxb4 Kf6 52. Kg3 Ke5 53. Kf2 Bd3
54. Ke3 Bf1 55. Rb1 Bg2 56. Rg1 Be4 57. Rg7 Bc6 58. Kd3 h6 59. Kc4 Bb5+ 60. Kc5
Kf4 61. Kd4 h5 62. Rf7+ Kg4 63. Ke4 Bc6+ 64. Ke3 h4 65. Rf6 Bb5 66. Kf2 Kg5 67.
Rb6 Bc4 68. Rb4 Bd5 69. Rb6 Bc4 70. Rc6 Bd3 71. Ke3 Bf1 72. Kf2 Bd3 73. Rd6 Bc4
74. Kg2 Be2 75. Rd5+ Kg4 76. Kf2 Bc4 77. Rd4+ Kh3 78. Rxc4 Kh2 79. Rxh4# 1-0

[Event "Cultural Village"]
[Site "Wijk aan Zee NED"]
[Date "2010.11.17"]
[Round "3"]
[White "Grover, Sahaj"]
[Black "Peelen, Piet"]
[Result "1/2-1/2"]
[WhiteTitle "IM"]
[BlackTitle "IM"]
[WhiteElo "2432"]
[BlackElo "2363"]
[WhiteFideId "5021103"]
[BlackFideId "1000403"]
[EventDate "2010.11.15"]

1. e4 c6 2. d4 d5 3. Nc3 dxe4 4. Nxe4 Bf5 5. Ng3 Bg6 6. h4 h6 7. Nf3 Nd7 8. h5
Bh7 9. Bd3 Bxd3 10. Qxd3 e6 11. Bd2 Ngf6 12. O-O-O Be7 13. Kb1 O-O 14. Qe2 Qb6
15. Nf1 c5 16. g4 cxd4 17. g5 hxg5 18. Bxg5 Nd5 19. Ka1 Bxg5 20. Nxg5 Rac8 21.
Qd3 N7f6 22. a3 Nc3 23. Rd2 Na4 24. Qxd4 Rxc2 25. Qxb6 Rc1+ 26. Ka2 Nxb6 27. h6
gxh6 28. Rxh6 Rxf1 29. Rxf6 Nd5 30. Rf3 Rg1 31. Ne4 Kg7 32. Nc3 Rd8 33. Nxd5 Rg5
34. Rc3 Rgxd5 35. Rxd5 Rxd5 36. Rc7 Rb5 37. b4 a5 38. Kb3 axb4 39. axb4 b6 40.
Rb7 Kf6 41. Kc4 Rf5 42. Rxb6 Rxf2 43. b5 Ke5 44. Rb8 Rc2+ 45. Kb4 f5 46. b6 f4
47. b7 Rb2+ 48. Kc5 Ke4 49. Kc6 e5 50. Re8 f3 51. b8=Q Rxb8 52. Rxb8 f2 53. Rf8
Ke3 54. Kd5 e4 55. Rxf2 Kxf2 56. Kxe4 1/2-1/2

[Event "Cultural Village"]
[Site "Wijk aan Zee NED"]
[Date "2010.11.17"]
[Round "3"]
[White "Burg, Twan"]
[Black "Arun Prasad, S."]
[Result "0-1"]
[WhiteTitle "IM"]
[BlackTitle "GM"]
[WhiteElo "2469"]
[BlackElo "2519"]
[WhiteFideId "1010697"]
[BlackFideId "5011167"]
[EventDate "2010.11.15"]

1. e4 c5 2. Nf3 d6 3. d4 cxd4 4. Nxd4 Nf6 5. Nc3 a6 6. Bg5 e6 7. f4 Nbd7 8. Bc4
Qa5 9. Bxf6 Nxf6 10. Qe2 b5 11. Bb3 b4 12. Ba4+ Bd7 13. Bxd7+ Nxd7 14. Nd5 Rc8
15. Ne3 Be7 16. f5 Qe5 17. Qxa6 O-O 18. O-O-O Bg5 19. Rhe1 Qxe4 20. Kb1 Bxe3 21.
Qe2 Qxd4 22. Rxd4 Bxd4 23. fxe6 Ne5 24. e7 Rfe8 25. Qa6 Bc5 26. Qb7 Ra8 27. Qd5
Rac8 28. Qb7 g6 29. Re2 Rb8 30. Qc7 Rec8 31. Qa5 Ra8 32. Qb5 Rcb8 33. e8=Q+ Rxe8
34. Qb7 Rab8 35. Qc7 Rec8 36. Qe7 Nc4 37. Qe4 d5 38. Qd3 Bf8 39. Rf2 Rd8 40. Qf3
Rd7 41. Re2 Bg7 42. b3 Na3+ 43. Kc1 Rc8 44. Qd3 d4 45. c4 bxc3 46. Qa6 Rdd8 47.
Qxa3 d3 48. Qa6 Bh6+ 49. Rd2 cxd2+ 50. Kd1 Rc1# 0-1

[Event "Cultural Village"]
[Site "Wijk aan Zee NED"]
[Date "2010.11.17"]
[Round "3"]
[White "Blees, Enrico"]
[Black "Sulypa, Oleksandr"]
[Result "1/2-1/2"]
[BlackTitle "GM"]
[WhiteElo "2153"]
[BlackElo "2490"]
[WhiteFideId "1019163"]
[BlackFideId "14100487"]
[EventDate "2010.11.15"]

1. e4 c5 2. Nf3 d6 3. d4 cxd4 4. Nxd4 Nf6 5. Nc3 Nc6 6. Be2 g6 7. O-O Bg7 8. Be3
O-O 9. Nb3 Be6 10. f4 Qc8 11. Kh1 Rd8 12. Bf3 Bc4 13. Rf2 e5 14. Rd2 Bh6 15.
Rxd6 exf4 16. Rxd8+ Qxd8 17. Bc5 Nd7 18. Qg1 Bxb3 19. axb3 Nxc5 20. Qxc5 Bf8 21.
Qf2 Qd4 22. Qxd4 Nxd4 23. Rd1 Bg7 24. Rd2 Rc8 25. Bg4 Re8 26. Kg1 h5 27. Be2 f5
28. Bd3 f3 29. Rf2 fxe4 30. Bxe4 Ne2+ 1/2-1/2

[Event "Cultural Village"]
[Site "Wijk aan Zee NED"]
[Date "2010.11.18"]
[Round "4"]
[White "Ootes, Lars"]
[Black "Grover, Sahaj"]
[Result "0-1"]
[BlackTitle "IM"]
[WhiteElo "2370"]
[BlackElo "2432"]
[WhiteFideId "1019708"]
[BlackFideId "5021103"]
[EventDate "2010.11.15"]

1. Nf3 Nf6 2. c4 e6 3. g3 d5 4. d4 dxc4 5. Bg2 Nc6 6. Qa4 Bb4+ 7. Bd2 Nd5 8.
Bxb4 Nxb4 9. O-O Rb8 10. Na3 O-O 11. Qb5 b6 12. Qxc4 Ba6 13. Nb5 Qd5 14. Qxd5
Nxd5 15. a4 Na5 16. Ne5 Rbd8 17. Bxd5 Bxb5 18. Bf3 Ba6 19. b4 Nb3 20. b5 Nxa1
21. Rxa1 Bc8 22. Nc6 Rd7 23. e3 a5 24. Rc1 f6 25. Nb8 Re7 26. Nc6 Ree8 27. Na7
Re7 28. Nc6 Ref7 29. Nb8 Bb7 30. Nc6 Bxc6 31. Rxc6 Re7 32. Be2 Rd8 33. Rc2 g6
34. Bc4 Kg7 35. Bb3 Rd6 36. Kg2 Kf7 37. Rc3 Ke8 38. Bc2 e5 39. dxe5 fxe5 40. Be4
Rd2 41. Rc4 Ra2 42. g4 Rf7 43. Bf3 Kf8 44. Kg3 Rb2 45. Re4 Re7 46. h4 Rb4 47. g5
Kf7 48. h5 gxh5 49. Bxh5+ Ke6 50. Rh4 Kf5 51. Bf3 Kxg5 52. Be4 h5 53. f4+ exf4+
54. exf4+ Kf6 55. Bd5 Re3+ 56. Kf2 Ra3 0-1

[Event "Cultural Village"]
[Site "Wijk aan Zee NED"]
[Date "2010.11.18"]
[Round "4"]
[White "Plukkel, Sjoerd"]
[Black "Burg, Twan"]
[Result "1/2-1/2"]
[BlackTitle "IM"]
[WhiteElo "2274"]
[BlackElo "2469"]
[WhiteFideId "1008676"]
[BlackFideId "1010697"]
[EventDate "2010.11.15"]

1. e4 c5 2. Nf3 d6 3. d4 cxd4 4. Nxd4 Nf6 5. Nc3 a6 6. Bg5 Nbd7 7. f4 e5 8. Nf3
Qc7 9. Qd2 Be7 10. O-O-O O-O 11. g4 b5 12. a3 Bb7 13. Bd3 exf4 14. Qxf4 Ne5 15.
Nd4 h6 16. Bxh6 Ng6 17. Qd2 gxh6 18. Nf5 Nh7 19. h4 Bf6 20. Qxh6 Ne5 21. g5 Ng4
22. Qh5 Bxc3 23. e5 Rfd8 24. exd6 Qb6 25. bxc3 Bxh1 26. g6 Nhf6 27. gxf7+ Kf8
28. Qh8+ Kxf7 29. Qg7+ Ke6 30. Qe7+ Kd5 31. Be4+ Kc4 32. Qe6+ Kc5 33. Bxh1 Re8
34. Ne7 Rxe7 35. Rd5+ Kc4 36. Rd4+ Kc5 37. Rd5+ Kc4 38. Rd4+ Kc5 39. Rd5+ Kc4
40. Rd4+ Kc5 41. Rd5+ Kc4 42. Rd4+ 1/2-1/2

[Event "Cultural Village"]
[Site "Wijk aan Zee NED"]
[Date "2010.11.18"]
[Round "4"]
[White "Peelen, Piet"]
[Black "Swiercz, Dariusz"]
[Result "0-1"]
[WhiteTitle "IM"]
[BlackTitle "GM"]
[WhiteElo "2363"]
[BlackElo "2522"]
[WhiteFideId "1000403"]
[BlackFideId "1126881"]
[EventDate "2010.11.15"]

1. d4 Nf6 2. Nf3 e6 3. c4 d5 4. g3 Bb4+ 5. Bd2 Be7 6. Bg2 O-O 7. O-O c6 8. Qc2
b6 9. Bf4 Ba6 10. b3 Nbd7 11. Rd1 Rc8 12. Nc3 dxc4 13. Nd2 c5 14. dxc5 Bxc5 15.
bxc4 e5 16. Bg5 Bxf2+ 17. Kxf2 Ng4+ 18. Ke1 Qxg5 19. Nde4 Ne3 20. Qd3 Qh6 21.
Qxd7 Nxg2+ 22. Kf2 Ne3 23. Rd6 f6 24. c5 Rce8 25. Rc6 Bc4 26. Rd6 Nc2 27. Qa4
Qxh2+ 28. Kf3 Qh5+ 29. g4 Qh3+ 30. Ng3 e4+ 31. Nxe4 Rxe4 32. Qxc2 Qxg4+ 33. Kf2
Qf4+ 34. Kg2 Re3 0-1

[Event "Cultural Village"]
[Site "Wijk aan Zee NED"]
[Date "2010.11.18"]
[Round "4"]
[White "Arun Prasad, S."]
[Black "Blees, Enrico"]
[Result "1-0"]
[WhiteTitle "GM"]
[WhiteElo "2519"]
[BlackElo "2153"]
[WhiteFideId "5011167"]
[BlackFideId "1019163"]
[EventDate "2010.11.15"]

1. d4 d5 2. c4 c6 3. Nf3 Nf6 4. Nc3 dxc4 5. a4 Bf5 6. e3 e6 7. Bxc4 Bb4 8. O-O
O-O 9. Nh4 Bg6 10. Nxg6 hxg6 11. Qc2 Nbd7 12. Rd1 Qa5 13. Na2 Be7 14. b4 Qc7 15.
Bd2 Rfc8 16. Rac1 Nf8 17. e4 Rd8 18. Bc3 g5 19. g3 Ng6 20. e5 Nd5 21. Be1 Qd7
22. Qe4 Rab8 23. Bf1 a6 24. Rb1 c5 25. dxc5 Qxa4 26. Bc4 Qc6 27. Nc3 Nxc3 28.
Qxc6 bxc6 29. Bxc3 Rxd1+ 30. Rxd1 a5 31. bxa5 Bxc5 32. a6 Ne7 33. Bd2 Nd5 34.
Bxg5 Rb2 35. Rd2 Rb1+ 36. Kg2 Ra1 37. Ra2 Rxa2 38. Bxa2 Kf8 39. h4 Ke8 40. h5
Kd7 41. Bxd5 exd5 42. Bf6 1-0

[Event "Cultural Village"]
[Site "Wijk aan Zee NED"]
[Date "2010.11.19"]
[Round "5"]
[White "Swiercz, Dariusz"]
[Black "Ootes, Lars"]
[Result "1-0"]
[WhiteTitle "GM"]
[WhiteElo "2522"]
[BlackElo "2370"]
[WhiteFideId "1126881"]
[BlackFideId "1019708"]
[EventDate "2010.11.15"]

1. d4 Nf6 2. g3 c5 3. d5 e6 4. Nc3 exd5 5. Nxd5 Nxd5 6. Qxd5 Nc6 7. c3 d6 8. Nh3
Be6 9. Qd1 d5 10. Nf4 Bd6 11. Nxd5 Bxg3 12. hxg3 Qxd5 13. Qxd5 Bxd5 14. Rh5 Rd8
15. f3 g6 16. Rh4 f6 17. e4 Be6 18. Bb5 Kf7 19. Bxc6 bxc6 20. Be3 g5 21. Rh5 a5
22. g4 a4 23. Bxc5 Rd3 24. Kf2 Rd2+ 25. Kg3 Rxb2 26. Rh6 Kg7 27. Rah1 Bf7 28.
Bd4 Bg6 29. e5 Kf7 30. e6+ Kg7 31. f4 gxf4+ 32. Kxf4 Re8 33. g5 Rxe6 34. gxf6+
Kg8 35. Rxg6+ hxg6 36. Rh8+ Kf7 37. Rh7+ Ke8 38. f7+ Kf8 39. Bc5+ Re7 40. Rh8+
Kxf7 41. Rh7+ Ke6 42. Rxe7+ Kd5 43. Re5+ Kc4 44. Bd4 Rxa2 45. Rc5+ Kb3 46. Rxc6
a3 47. Ke4 Rg2 48. Rb6+ Kc2 49. c4 Rg4+ 50. Kd5 a2 51. Ra6 Kb3 52. c5 Rg5+ 53.
Be5 Rg1 54. c6 Rc1 55. c7 g5 56. Rc6 Rd1+ 57. Ke6 Re1 58. Rb6+ 1-0

[Event "Cultural Village"]
[Site "Wijk aan Zee NED"]
[Date "2010.11.19"]
[Round "5"]
[White "Sulypa, Oleksandr"]
[Black "Arun Prasad, S."]
[Result "1/2-1/2"]
[WhiteTitle "GM"]
[BlackTitle "GM"]
[WhiteElo "2490"]
[BlackElo "2519"]
[WhiteFideId "14100487"]
[BlackFideId "5011167"]
[EventDate "2010.11.15"]

1. e4 c5 2. Nf3 d6 3. d4 cxd4 4. Nxd4 Nf6 5. Nc3 a6 6. Bg5 e6 7. f4 Be7 8. Qf3
Qc7 9. O-O-O Nbd7 10. g4 h6 11. Bxf6 Bxf6 12. h4 Qb6 13. Nde2 Be7 14. Kb1 Nc5
15. f5 Nd7 16. Nf4 Ne5 17. Qg3 Bd7 18. Be2 g5 19. fxg6 Nxg6 20. Nxg6 fxg6 21.
Rhf1 Rh7 22. e5 d5 23. Qd3 O-O-O 24. Qxg6 Ba3 25. b3 Qc7 26. Rd3 Rhh8 27. Qg7
Rdg8 28. Qf6 Kb8 29. Nd1 Bc5 30. a4 Rc8 31. c3 d4 32. Nb2 dxc3 33. Rxc3 Qa5 34.
Rfc1 Bd4 35. Nc4 Qb4 36. Rd3 Bxa4 37. Ka2 Rhf8 38. Qxe6 Rf2 39. Qd6+ Qxd6 40.
exd6 Rxe2+ 41. Kb1 Bxb3 42. Rxd4 Bxc4 43. Rcxc4 Rxc4 44. Rxc4 Rd2 45. g5 hxg5
46. hxg5 Rxd6 47. Kb2 Rg6 48. Rc5 b6 49. Rf5 Kc7 50. Kc3 Kd6 51. Kd4 Ke7 52. Ke5
Rc6 53. Rf1 Rc5+ 54. Kf4 Rc4+ 55. Kf5 Kf7 56. Rd1 Rc5+ 57. Kf4 Rc4+ 58. Kf5 Rc5+
59. Kf4 Rc7 60. Rd6 Rb7 61. Kf5 a5 62. Rf6+ Kg7 63. Rg6+ Kf7 64. Rf6+ Kg7 65.
Rg6+ Kf8 66. Rc6 a4 67. Kf6 Rb8 68. Rc7 b5 69. g6 Kg8 70. Rg7+ Kh8 1/2-1/2

[Event "Cultural Village"]
[Site "Wijk aan Zee NED"]
[Date "2010.11.19"]
[Round "5"]
[White "Grover, Sahaj"]
[Black "Pruijssers, Roeland"]
[Result "1-0"]
[WhiteTitle "IM"]
[BlackTitle "IM"]
[WhiteElo "2432"]
[BlackElo "2487"]
[WhiteFideId "5021103"]
[BlackFideId "1013068"]
[EventDate "2010.11.15"]

1. e4 e5 2. Nf3 Nc6 3. Bb5 a6 4. Ba4 Nf6 5. O-O Be7 6. Re1 b5 7. Bb3 d6 8. c3
O-O 9. h3 Na5 10. Bc2 c5 11. d4 Qc7 12. d5 Bd7 13. b3 Nb7 14. Nbd2 g6 15. Nf1
Nh5 16. Bh6 Rfe8 17. g4 Nf4 18. Bxf4 exf4 19. Qd2 Bf6 20. Rac1 Kg7 21. Qxf4 Bxc3
22. Re3 Bb2 23. Rb1 Be5 24. Nxe5 dxe5 25. Qg3 Qa5 26. f4 f6 27. g5 Qd8 28. Nd2
Nd6 29. gxf6+ Qxf6 30. fxe5 Qxe5 31. Qxe5+ Rxe5 32. Nf3 Rh5 33. e5 Ne8 34. e6
Bc8 35. d6 Nxd6 36. Rd1 Ne8 37. Rd8 Nf6 38. e7 Rxh3 39. e8=Q Nxe8 40. Rdxe8 g5
41. R3e7+ Kf6 42. Ne5 g4 43. Rf7+ Kg5 44. Rg8+ Kh4 45. Rxh7+ Kg3 46. Rxh3+ Kxh3
47. Be4 Ra7 48. Rxc8 c4 49. bxc4 Re7 50. Kf2 g3+ 51. Kf3 Kh2 52. Rh8+ Kg1 53.
Ke2 1-0